Holiday Quiz

Random Holiday or Easter Quiz

Holiday by Greeting Card Quiz Stats

 Plays Quiz Updated Apr 5, 2015

Also try: Holidays by Cake
Challenge
Share
Tweet
Score 0/14 Timer 05:00
6 Plays Today
% Correct
Easter Day
99.9%
Christmas Day
98.7%
Mother's Day
97%
Father's Day
95.8%
Valentine's Day
95.7%
Halloween
95.3%
American Independence Day
94.1%
% Correct
Chinese New Year
93.2%
Pi Day
85.9%
Canada Day
83.9%
Veterans' Day
83.8%
Thanksgiving Day
82.6%
Hanukkah
67.8%
Guy Fawkes Night
29%

You're not logged in!

Compare scores with friends on all Sporcle quizzes.
Join for Free
OR
Log In

You Might Also Like...

Show Comments

Extras

Top Quizzes Today


Score Distribution

Your Account Isn't Verified!

In order to create a playlist on Sporcle, you need to verify the email address you used during registration. Go to your Sporcle Settings to finish the process.

Report this User

Report this user for behavior that violates our Community Guidelines.

Details: